Pingalla (Record no. 26206)

MARC details
000 -LEADER
fixed length control field 00403nam a2200145Ia 4500
008 - FIXED-LENGTH DATA ELEMENTS--GENERAL INFORMATION
fixed length control field 211109s9999||||xx |||||||||||||| ||und||
082 ## - DEWEY DECIMAL CLASSIFICATION NUMBER
Classification number 894.812 1
Item number ULL-P
100 ## - MAIN ENTRY--PERSONAL NAME
Personal name Ulloor, Parameswarayer S
245 #0 - TITLE STATEMENT
Title Pingalla
260 ## - PUBLICATION, DISTRIBUTION, ETC.
Name of publisher, distributor, etc. Ulloor Publishers
Place of publication, distribution, etc. Thiruvanathapuram
Date of publication, distribution, etc. 1966
300 ## - PHYSICAL DESCRIPTION
Extent 16p
630 ## - SUBJECT ADDED ENTRY--UNIFORM TITLE
General subdivision General Stack
650 ## - SUBJECT ADDED ENTRY--TOPICAL TERM
Topical term or geographic name entry element Malayalam Literature
942 ## - ADDED ENTRY ELEMENTS (KOHA)
Koha item type BOOK
650 ## - SUBJECT ADDED ENTRY--TOPICAL TERM
Form subdivision Malayalam Poetry
General subdivision Malayalam
Holdings
Withdrawn status Lost status Source of classification or shelving scheme Damaged status Not for loan Home library Current library Date acquired Cost, normal purchase price Full call number Barcode Shelving location Date last seen Price effective from Koha item type
    Dewey Decimal Classification     SB LIBRARY SB LIBRARY 09/11/2021 100.00 894.8121 ULL-P 00027007 GENERAL STACK 09/11/2021 09/11/2021 BOOK

Powered by Koha